ბათუმის შოთა რუსთაველის სახელმწიფო უნივერსიტეტის ბიბლიოთეკა

თხზულებათა სრული კრებული : 10 ტომად. ტ.10 (ბიბ.ჩანაწერი № 48987)

000 -LEADER
fixed length control field 00891nam a2200241Ia 4500
001 - CONTROL NUMBER
control field 15892
003 - CONTROL NUMBER IDENTIFIER
control field GE_BSU
008 - FIXED-LENGTH DATA ELEMENTS--GENERAL INFORMATION
fixed length control field 181216s||||||||xx |||||||||||||| ||und||
040 ## - CATALOGING SOURCE
Transcribing agency GE_BSU
080 ## - UNIVERSAL DECIMAL CLASSIFICATION NUMBER
Universal Decimal Classification number 21.353.1 + 821.353.1-6
100 ## - MAIN ENTRY--PERSONAL NAME
Personal name ჭავჭავაძე, ი. (ილია, 1837-1907)
245 ## - TITLE STATEMENT
Title თხზულებათა სრული კრებული : 10 ტომად. ტ.10
245 ## - TITLE STATEMENT
Remainder of title მიმოწერა.
245 ## - TITLE STATEMENT
Statement of responsibility, etc. პ. ინგოროყვას რედ. [და შესავ. წერილით]
260 ## - PUBLICATION, DISTRIBUTION, ETC.
Place of publication, distribution, etc. თბილისი
260 ## - PUBLICATION, DISTRIBUTION, ETC.
Name of publisher, distributor, etc. სახელგამი
260 ## - PUBLICATION, DISTRIBUTION, ETC.
Date of publication, distribution, etc. 1961
300 ## - PHYSICAL DESCRIPTION
Extent 635 გვ. 20 სმ.
300 ## - PHYSICAL DESCRIPTION
Accompanying material შენიშვნ.გვ.471-633
653 ## - INDEX TERM--UNCONTROLLED
Uncontrolled term თხზულებათა სრული კრებული
653 ## - INDEX TERM--UNCONTROLLED
Uncontrolled term მიმოწერა.
942 ## - ADDED ENTRY ELEMENTS (KOHA)
Koha item type წიგნი
ეგზემპლარები
Withdrawn status Lost status Damaged status Not for loan Date acquired Barcode Date last seen Price effective from Koha item type
        2018-12-17 39056 2018-12-17 2018-12-17 წიგნი
        2018-12-17 39057 2018-12-17 2018-12-17 წიგნი
        2018-12-17 39058 2018-12-17 2018-12-17 წიგნი